000 00571cam a22002053a 4500
001 39126
003 PGUSA
005 20140828083852.0
008 120313s2012||||xxu|||||s|||||000 | eng d
040 _aPGUSA
_beng
042 _adc
100 1 _aGeorg, Manfred,
_d1893-1965
245 1 0 _aDer Rebell :
_bNovelle
_h[electronic resource] /
_cManfred Georg
260 _bProject Gutenberg,
_c2012
506 _aPublic domain in the USA.
516 _aElectronic text
830 0 _aProject Gutenberg
_v39126
856 4 0 _uhttp://www.gutenberg.org/ebooks/39126
942 _cEB
999 _c268379
_d268379